Statistics for Harry Styles quiz

Click here to take the quiz!

General Stats

  • This quiz has been taken 2,360 times
  • The average score is 4 of 7

Answer Stats

HintAnswer% Correct
how many nipple does harry have?4
99%
what year was harry born?1994
93%
what colour are his eyes?green
93%
what is harry's foot size?12
56%
how manny tatoos does he have?54
32%
what is harry's favourite colourblack
32%
when is harry's birthday?1st february
29%

Score Distribution

Percentile by Number Answered

Percent of People with Each Score

Your Score History

You have not taken this quiz